Vznik trhlín a lomov pri tepelnom spracovaní ocelí

Bibliographic Details
Main Author: Bezecný, Ján (Author)
Format: Book
Language:Slovak
PhysicalDescription:89 s. diagr., fotogr., sch. 25 cm
Published: Trenčín Trenčianska univerzita Alexandra Dubčeka 2007
ISBN:9788080752026
Edition:1. vyd.
Subjects:

MARC

LEADER 00000nam a2200000 a 4500
001 vtls009183784
003 SK-MaSNL
005 20260302043106.0
008 240313s2007 xo ol d p 000 0 slo
015 |a SNBA2008/02-00783 
020 |a 9788080752026  |q (brož.) 
035 |a F8E0C61E-A427-4C60-B068-9B873ACBF80C 
035 |a urn:nbn:sk:snk-amkzaf 
035 |a urn:nbn:sk:snk-am008p8i 
040 |a SNK  |b slo  |c SNK  |e AACR2 
041 0 |a slo 
044 |a xo  |c SK 
072 7 |a 621  |x Strojárstvo  |2 konspekt 
072 7 |a 539  |x Fyzikálna stavba hmoty. Jadrová fyzika. Molekulová fyzika  |2 konspekt 
080 |a 621.78  |2 2001 
080 |a 621.785.616  |2 2001 
080 |a 539.2/.5  |2 2001 
080 |a 539.42  |2 2001 
080 |a 539.421  |2 2001 
080 |a (07)  |2 2001 
100 1 |a Bezecný, Ján  |4 aut  |9 696797 
245 1 0 |a Vznik trhlín a lomov pri tepelnom spracovaní ocelí  |c Ján Bezecný 
250 |a 1. vyd. 
260 |a Trenčín  |b Trenčianska univerzita Alexandra Dubčeka  |c 2007 
300 |a 89 s.  |b diagr., fotogr., sch.  |c 25 cm 
366 |e 100 výt. 
504 |a Bibliogr. s. 85-89 
650 0 7 |a tepelné spracovanie kovov  |2 SNKPH  |9 3622 
650 0 7 |a kalenie ocele  |2 SNKPH  |9 111623 
650 0 7 |a vlastnosti materiálov  |2 SNKPH  |9 69700 
650 0 7 |a lomová mechanika  |2 SNKPH  |9 67016 
650 0 7 |a trhliny (fyzika)  |2 SNKPH  |9 69633 
650 0 7 |a Heat treatment of metals  |2 SNKPHeng  |9 322156 
650 0 7 |a Hardening of steel  |2 SNKPHeng  |9 393576 
650 0 7 |a Materials properties  |2 SNKPHeng  |9 274717 
650 0 7 |a Fracture mechanics  |2 SNKPHeng  |9 510548 
650 0 7 |a Cracks (physics)  |2 SNKPHeng  |9 546913 
655 7 |a učebné texty  |2 SNKPH  |9 70568 
655 7 |a Educational texts  |2 SNKPHeng  |9 277375 
919 |a 978-80-8075-202-6 
958 |a NB 
958 |a OND 
968 |d 62 
999 |c 1085321  |d 1087251 
952 |a SNK  |b SNK  |y VYP  |7 0  |p 17A0580082  |o snkSC 130874 D1  |i snk2008/3626  |8 0  |0 0  |1 0  |4 0  |d 2008-02-13  |l 0  |r 2026-02-24 16:38:54  |w 2026-02-24 
952 |a SNK  |b SNK  |y PREZ  |7 0  |p 17A0580083  |o snkSC 130874  |i snk2008/3625  |8 0  |0 0  |1 0  |4 0  |d 2008-02-13  |f 1  |l 0  |r 2025-06-19 00:00:00  |w 2026-02-24